Normal view
MARC view
- المحاسبة - محاسبة البنوك - محاسبة التأمين - محاسبة النفط - محاسبة الزراعة
Entry Topical Term
001 - CONTROL NUMBER
- control field: 30821
003 - CONTROL NUMBER IDENTIFIER
- control field: JO-AjAnu
005 - DATE AND TIME OF LATEST TRANSACTION
- control field: 20230606075209.0
008 - FIXED-LENGTH DATA ELEMENTS
- fixed length control field: 230606|| aca||aabn | a|a d
040 ## - CATALOGING SOURCE
- Original cataloging agency: JO-AjAnu
- Transcribing agency: JO-AjAnu
150 ## - HEADING--TOPICAL TERM
- Topical term or geographic name entry element: المحاسبة - محاسبة البنوك - محاسبة التأمين - محاسبة النفط - محاسبة الزراعة
670 ## - SOURCE DATA FOUND
- Source citation: Work cat.: (JO-AjAnu)15829: تأليف: الغبان، فائزة ابراهيم محمود / م.مشارك: ثائر صبري محمود الغبان, author 30820, النظم المحاسبية المتخصصة